000 00468nam a2200157 i 4500
001 104757
003 ES-MaACL
005 20230906183659.0
007 t|
008 051212s1907 fr ||||1| fre d
100 1 _aMirbeau, Octave.
_981577
245 1 4 _aLes affaires sont les affaires
_b: comédie en trois actes /
_cOctave Mirbeau.
260 _aParis :
_b[s.n.],
_c1907 (
_fImp. Motteroz et Martinet)
300 _a288 p. ;
_c19 cm.
852 _aES-MaACL
_jF-10981
999 _c104757
_d104757